| 000 | 00934nam a2200277 4500 | ||
|---|---|---|---|
| 001 | 781504 | ||
| 003 | Ke-BoTe | ||
| 005 | 20220513084657.0 | ||
| 008 | 740909r19741965nyu b 001 0 eng | ||
| 010 | _a 73091785 | ||
| 020 | _a048623035X | ||
| 040 |
_aDLC _cDLC _dDLC |
||
| 050 | 0 | 0 |
_aQR21 _b.L4 1974 |
| 082 | 0 | 0 | _a576/.09 |
| 100 | 1 |
_aLechevalier, Hubert A. _95243 |
|
| 245 | 1 | 0 |
_aThree centuries of microbiology, _cby Hubert A. Lechevalier and Morris Solotorovsky. |
| 260 |
_aNew York, _bDover Publications _c[1974] |
||
| 300 |
_a536 p. _c22 cm. |
||
| 350 | _a$5.00 | ||
| 504 | _aCorrected reprint, with additional bibliographical references, of the 1965 ed. published by McGraw-Hill, New York. | ||
| 504 | _aIncludes bibliographies. | ||
| 650 | 0 |
_aMicrobiology _xHistory. _95244 |
|
| 700 | 1 |
_aSolotorovsky, Morris, _d1913- _ejoint author. _95245 |
|
| 906 |
_a7 _bcbc _corignew _d2 _eopcn _f19 _gy-gencatlg |
||
| 942 |
_2lcc _cBK _n0 |
||
| 999 |
_c2596 _d2596 |
||